00419nam a22001457a 450000500170000000800410001702000150005804100120007308200120008510000120009724500570010926000560016630000260022265000250024820240925063408.0240925b |||||||| |||| 00| 0 eng d a0409003972 aEnglish a349 JOU lEnglish aThe Law of South Africa / cWA Joubert and JA Faris  aDurban: bButterworth Publishers (Pty) Ltd, c1995  b1408 pages; c26 cm.  aLegal practice bLaw